Tâm lý học quản trị kinh doanh

Đã lưu trong:
Bibliografiske detaljer
Hovedforfatter: Nguyễn, Thị Thu Hiền
Format: Bog
Sprog:Undetermined
Udgivet: Hà Nội Thống kê 2000
Fag:
Tags: Tilføj Tag
Ingen Tags, Vær først til at tagge denne postø!
Thư viện lưu trữ: Trung tâm Học liệu Trường Đại học Cần Thơ
LEADER 00551nam a2200193Ia 4500
001 CTU_64485
008 210402s9999 xx 000 0 und d
020 |b 22000 
082 |a 658.409 
082 |b H305 
100 |a Nguyễn, Thị Thu Hiền 
245 0 |a Tâm lý học quản trị kinh doanh 
245 0 |c Nguyễn Thị Thu Hiền 
260 |a Hà Nội 
260 |b Thống kê 
260 |c 2000 
650 |a Success in business 
904 |i Nguyên sửa 
980 |a Trung tâm Học liệu Trường Đại học Cần Thơ